La capacidad de gobernar: informe al Club de Roma

Zapisane w:
Opis bibliograficzny
1. autor: Dror, Yehezkel (Autor)
Format: Książka
Język:hiszpański
Wydane: Ciudad de México Fondo de Cultura Económica 1996
Wydanie:2a. ed
Seria:Colección Sección de Obras de Política y Derecho
Hasła przedmiotowe:
Etykiety: Dodaj etykietę
Nie ma etykietki, Dołącz pierwszą etykiete!

MARC

LEADER 00000nam a2200000 a 4500
001 UCO4648
003 CL-VaPUC
008 000811e19960000MX |||||||||||||||||spa|d
082 0 4 |a 320  |b DRO  |2 21 
100 |a Dror, Yehezkel  |e author  |9 449285 
245 1 3 |a La capacidad de gobernar: informe al Club de Roma 
250 |a 2a. ed 
300 |a 446 p 
942 |c BK 
945 |d 20000811 00:00:00  |a rbrito 
260 |a Ciudad de México  |b Fondo de Cultura Económica  |c 1996 
650 0 |a Estado  |9 255503 
650 0 |a Ciencias Políticas  |9 255201 
650 7 |a FILOSOFIA POLITICA  |2 CL-VaPUC  |9 449286 
583 |a last modification  |c 20121001 12:55:41  |k Rodrigo Vera 
490 0 |a Colección Sección de Obras de Política y Derecho 
999 |c 290672  |d 290670 
952 |0 0  |1 0  |4 0  |6 320_000000000000000_DRO_1996  |7 0  |8 A  |9 340201  |a BIBCUR  |b BIBCUR  |d 2019-11-20  |i 3641651  |o 320 DRO 1996  |p 3641651  |r 2025-04-22  |w 2019-11-20  |y BK  |k PER 
952 |0 0  |1 0  |4 0  |6 320_000000000000000_DRO_1996  |7 0  |8 A  |9 340202  |a BIBHIS  |b BIBHIS  |d 2019-11-20  |i 3806782  |o 320 DRO 1996  |p 3806782  |r 2025-01-20  |w 2019-11-20  |y BK  |k HIS